00308nam a2200121Ia 45000010005000000080041000050820026000461000018000722450013000902600053001039010013001569990017001691792241024s9999 xx 000 0 und d a[*SIN CLASIFICACION*] a[*SIN AUTOR*] 0aServir-D bVoluntariado Ignaciano de República Dominicana a12/15/16 c12141d12141